Urdu me fun swawn e nigari ka irtaqa (1914 se 1975 tak) (Record no. 432604)

MARC details
000 -LEADER
fixed length control field 00568nam a2200205Ia 4500
003 - CONTROL NUMBER IDENTIFIER
control field OSt
005 - DATE AND TIME OF LATEST TRANSACTION
control field 20251106151139.0
008 - FIXED-LENGTH DATA ELEMENTS--GENERAL INFORMATION
fixed length control field 220923b |||||||| |||| 00| 0 urd d
037 ## - SOURCE OF ACQUISITION
Terms of availability TB
040 ## - CATALOGING SOURCE
Original cataloging agency ARTS
Transcribing agency ARTS
Language of cataloging urd
041 ## - LANGUAGE CODE
Source of code urd
Language code of text/sound track or separate title urd
084 ## - COLON CLASSIFICATION NUMBER
Classification number O168wN M4
Assigning agency AL
100 ## - MAIN ENTRY--PERSONAL NAME
Personal name Mumtaz Fakhira
9 (RLIN) 205642
245 #0 - TITLE STATEMENT
Title Urdu me fun swawn e nigari ka irtaqa (1914 se 1975 tak)
260 ## - PUBLICATION, DISTRIBUTION, ETC.
Date of publication, distribution, etc. 1984
300 ## - PHYSICAL DESCRIPTION
Extent 300p.
Dimensions cm.
650 ## - SUBJECT ADDED ENTRY--TOPICAL TERM
Topical term or geographic name entry element URDU LITERATURE
9 (RLIN) 850317
942 ## - ADDED ENTRY ELEMENTS (KOHA)
Classification part O168wN M4
Koha item type Textbook
Source of classification or shelving scheme Colon Classification (CC)
Suppress in OPAC No
Holdings
Withdrawn status Lost status Source of classification or shelving scheme Damaged status Not for loan Home library Current library Date acquired Total Checkouts Full call number Barcode Date last seen Price effective from Koha item type
    Colon Classification (CC)     Arts Library Arts Library 2022-09-24   O168wN M4 AL0870426 2022-09-24 2022-09-24 Textbook
Copyright @ Delhi University Library System